Click 50: Synonyms Quiz Stats

 Plays Quiz Updated May 17, 2014

Support Sporcle.
Go Orange.
Score 0/50 Timer 08:00
6 Plays Today
% Correct
Fragile
93.2%
Danger
91.9%
Perplexed
88.6%
Lazy
88.3%
Jealousy
86.2%
Umbrella
84.3%
Somber
84%
Touchable
82.5%
Celebration
82.1%
Lingo
81.9%
Pledge
79.2%
Cultivate
76.6%
Unadulterated
76.2%
Plump
73.1%
Scold
71.3%
Trivial
71.3%
Loquacious
67.6%
Goodhearted
66.9%
Adept
66.5%
Compliment
65.4%
Gruesome
64.4%
Outcast
63.5%
Headstrong
62.7%
Ghostlike
62.1%
Reluctant
58.7%
% Correct
Piggish
56.9%
Apogee
56.8%
Oaf
56.4%
Equivalence
56.1%
Burden
55.3%
Brick
54.8%
Harmony
53.3%
Boredom
53%
Bitter
51.7%
Gossip
51.1%
Wisdom
50.5%
Revisited
50.5%
Storyteller
49.4%
Mouth
48.6%
Rustic
39.9%
Expert
37.3%
Noxious
36.3%
Brawl
34.1%
Celerity
32.5%
Immature
31.3%
Artificial
31.3%
Detective
25.9%
Reminiscent
24.9%
Indigent
24.1%
Patronage
22.2%

From the Vault

Parenthetical Titles

by raccoonleaf

Music 10m
(We hope you like this quiz)
Remove Ads.
Support Sporcle.
Get the best of Sporcle when you Go Orange. This ad-free experience offers more features, more stats, and more fun while also helping to support Sporcle. Thank you for becoming a member.

Show Comments

Extras

Top Quizzes Today


Score Distribution

Your Account Isn't Verified!

In order to create a playlist on Sporcle, you need to verify the email address you used during registration. Go to your Sporcle Settings to finish the process.

Report this User

Report this user for behavior that violates our Community Guidelines.

Details: